| 000 | 00692nam a22001937a 4500 | ||
|---|---|---|---|
| 999 |
_c11609 _d11609 |
||
| 003 | OSt | ||
| 005 | 20200206134649.0 | ||
| 008 | 181213b ||||| |||| 00| 0 eng d | ||
| 022 | _a00116009 | ||
| 040 | _c0 | ||
| 082 | _aDPer 792.805 D19 Mar-Aug 2016 v.90, n.3-8 | ||
| 100 |
_aBrady, Kristyn. _933237 |
||
| 245 |
_aBig, bad habits: _bfive pros talk about how they have worked and, in some cases are still working to overcome their biggest technical hurdles/ _cKristyn Brady. |
||
| 260 |
_aNew York: _bDance Media, _c©Mar- Aug 2016. |
||
| 300 |
_av90 n6, pages 33-35. _bcolored illustrations: _c25 cm. |
||
| 500 | _aDance magazine | ||
| 650 |
_aBallet _933244 _xDancers. |
||
| 942 |
_2ddc _cPER |
||